000
00377nam a22001217a 4500
003
SGT
082
_a
301.2
_b
R17H
100
_a
होसबाले, दत्तात्रेय
245
_a
राष्ट्र की लोकाभिव्यक्ति
260
_b
लोकमंथन आयोजन समिति
_c
2017
300
_a
269
942
_2
ddc
_c
BK
999
_c
29343
_d
29343